ბათუმის შოთა რუსთაველის სახელმწიფო უნივერსიტეტის ბიბლიოთეკა

თხზულებათა სრული კრებული : 10 ტომად. ტ. 2 (ბიბ.ჩანაწერი № 48976)

000 -LEADER
fixed length control field 01140nam a2200229Ia 4500
001 - CONTROL NUMBER
control field 15881
003 - CONTROL NUMBER IDENTIFIER
control field GE_BSU
008 - FIXED-LENGTH DATA ELEMENTS--GENERAL INFORMATION
fixed length control field 181216s||||||||xx |||||||||||||| ||und||
040 ## - CATALOGING SOURCE
Transcribing agency GE_BSU
080 ## - UNIVERSAL DECIMAL CLASSIFICATION NUMBER
Universal Decimal Classification number 821.353.1 + 821.353.1-32
100 ## - MAIN ENTRY--PERSONAL NAME
Personal name ჭავჭავაძე, ი. (ილია, 1837-1907)
245 ## - TITLE STATEMENT
Title თხზულებათა სრული კრებული : 10 ტომად. ტ. 2
245 ## - TITLE STATEMENT
Remainder of title მხატვრული პროზა
245 ## - TITLE STATEMENT
Statement of responsibility, etc. პ. ინგოროყვას რედ. [და შესავ. წერილით]
260 ## - PUBLICATION, DISTRIBUTION, ETC.
Place of publication, distribution, etc. თბილისი
260 ## - PUBLICATION, DISTRIBUTION, ETC.
Name of publisher, distributor, etc. სახელგამი
300 ## - PHYSICAL DESCRIPTION
Extent 639 გვ.20 სმ.
300 ## - PHYSICAL DESCRIPTION
Accompanying material ილიას ნაწარმოების კომენტარი-სარედაქციო შენიშვნები გვ. 577-610. - სარედაქციო შენიშვნები-პ. ინგოროყვა, გვ. 611-36
653 ## - INDEX TERM--UNCONTROLLED
Uncontrolled term თხზულებათა სრული კრებული
653 ## - INDEX TERM--UNCONTROLLED
Uncontrolled term მხატვრული პროზა
942 ## - ADDED ENTRY ELEMENTS (KOHA)
Koha item type წიგნი
ეგზემპლარები
Withdrawn status Lost status Damaged status Not for loan Date acquired Barcode Date last seen Price effective from Koha item type
        2018-12-17 39050 2018-12-17 2018-12-17 წიგნი
        2018-12-17 39051 2018-12-17 2018-12-17 წიგნი
        2018-12-17 39052 2018-12-17 2018-12-17 წიგნი
        2018-12-17 39053 2018-12-17 2018-12-17 წიგნი
        2018-12-17 39054 2018-12-17 2018-12-17 წიგნი
        2018-12-17 39055 2018-12-17 2018-12-17 წიგნი